000 00683nam a22001817a 4500
003 UA-OsUOA
001 15087
007 ta
008 20031030b un ||||| |||| 00| 0 ukr d
100 _aВозницький Б.
942 _cSA
040 _aUA-OsUOA
_cUA-OsUOA
_dUA-OsUOA
245 _a"Дубенський замок - річ унікальна": [Розмова з дир. Львів. галереї мистецтв Б. Возницьким про співпрацю з Дубен. заповідником]
300 _aС.3
955 _a0
773 0 _w0
_tСкриня
_dДубно
_d2003
_g№36/ 4 верес./
650 7 _aКраєзнавча робота
_2UDC
999 _c301252
_d301252